Executive compensation best practices
| Main Author: | |
|---|---|
| Format: | Book |
| Published: |
New York :
John Wilwy & Sons, Inc. Publishers ,
2008
|
| Subjects: |
MARC
| LEADER | 00000cam a2200000 7i4500 | ||
|---|---|---|---|
| 001 | 0000023420 | ||
| 005 | 20080910.0 | ||
| 008 | 080910 | ||
| 020 | |a 0470223796 | ||
| 090 | 0 | 0 | |a 658.4072 |b LIP |
| 100 | 1 | |a Lipman, Frederick D. | |
| 245 | 1 | 0 | |a Executive compensation best practices |c Frederick D. Lipman ; Steven E. Hall |
| 260 | |a New York : |b John Wilwy & Sons, Inc. Publishers , |c 2008 | ||
| 650 | 0 | |a Compensation management | |
| 650 | 0 | |a Executive |x salaries, etc. | |
| 999 | |a 0001036450 |b Book |c REFERENCE |e Perbadanan Perpustakaan Awam Johor | ||